| 000 | nam a22 7a 4500 | ||
|---|---|---|---|
| 999 |
_c4823 _d4823 |
||
| 003 | AKMAL | ||
| 005 | 20200306093223.0 | ||
| 008 | 2003 s2008 xxua e 001 0 eng d | ||
| 020 |
_a9780470176429 (hbk.) : _cRM290.00 |
||
| 040 | _aAKMAL | ||
| 082 | 0 | 4 |
_a658.4022 HAN _222 |
| 090 | 0 | 0 |
_a658.4022 _bHAN |
| 245 | 0 | 4 |
_aThe handbook of high-performance virtual teams : _ba toolkit for collaborating across boundaries / _cJill Nemiro ... [et al.] |
| 246 | 3 | 0 | _aHigh-performance virtual teams |
| 260 |
_aSan Francisco : _bJossey-Bass, _c2008 |
||
| 300 |
_a764p. : _bill. ; _c25cm. |
||
| 504 | _aIncludes bibliographical references and index | ||
| 650 | 1 | 0 |
_aVirtual work teams _xManagement _vHandbooks, manuals, etc. _99185 |
| 650 | 2 | 0 |
_aTeams in the workplace _xManagement _vHandbooks, manuals, etc. _99186 |
| 650 | 2 | 0 |
_aPerformance _xManagement _vHandbooks, manuals, etc. _99187 |
| 700 | 1 |
_aNemiro, Jill E., _d1954- _99188 |
|
| 942 |
_2ddc _cBOOK |
||